Welcome to WEB OPAC of MRSPTU Central Library

Classical electrodynamics (Record no. 6156)

MARC details
000 -LEADER
fixed length control field 00405nam a2200169Ia 4500
008 - FIXED-LENGTH DATA ELEMENTS--GENERAL INFORMATION
fixed length control field 230711s9999||||xx |||||||||||||| ||und||
020 ## - INTERNATIONAL STANDARD BOOK NUMBER
International Standard Book Number 978-81-8487-584-3
041 ## - LANGUAGE CODE
Language code of text/sound track or separate title ENG
082 ## - DEWEY DECIMAL CLASSIFICATION NUMBER
Classification number 537.6
Item number PU-C
100 ## - MAIN ENTRY--PERSONAL NAME
Personal name Puri,S.P
245 #0 - TITLE STATEMENT
Title Classical electrodynamics
250 ## - EDITION STATEMENT
Edition statement R/2nd Ed.
260 ## - PUBLICATION, DISTRIBUTION, ETC.
Date of publication, distribution, etc. 2017
Place of publication, distribution, etc. New Delhi
Name of publisher, distributor, etc. Narosa Publishing House
300 ## - PHYSICAL DESCRIPTION
Extent 17.20p.
650 ## - SUBJECT ADDED ENTRY--TOPICAL TERM
Topical term or geographic name entry element Physics
942 ## - ADDED ENTRY ELEMENTS (KOHA)
Koha item type Book
Holdings
Withdrawn status Lost status Damaged status Not for loan Collection Home library Current library Date acquired Cost, normal purchase price Inventory number Total checkouts Full call number Barcode Date last seen Price effective from Koha item type Date last checked out Date due
          MRSPTU Central Library MRSPTU Central Library   650.00 KBD/2016-2017/959642808   537.6 PU-C 34307 08/17/2023 08/17/2023 Book    
          MRSPTU Central Library MRSPTU Central Library   650.00 KBD/2016-2017/959642808   537.6 PU-C 34308 08/17/2023 08/17/2023 Book    
          MRSPTU Central Library MRSPTU Central Library   650.00 KBD/2016-2017/959642808 4 537.6 PU-C 34309 03/09/2026 08/17/2023 Book 03/03/2026  
          MRSPTU Central Library MRSPTU Central Library   650.00 KBD/2016-2017/959642808 3 537.6 PU-C 34310 04/09/2026 08/17/2023 Book 04/09/2026 04/30/2026
          MRSPTU Central Library MRSPTU Central Library   650.00 KBD/2016-2017/959642808 1 537.6 PU-C 34311 05/30/2024 08/17/2023 Book 05/02/2024  
          MRSPTU Central Library MRSPTU Central Library   650.00 KBD/2016-2017/959642808 6 537.6 PU-C 34312 04/06/2026 08/17/2023 Book 04/06/2026 04/27/2026
          MRSPTU Central Library MRSPTU Central Library   650.00 KBD/2016-2017/959642808   537.6 PU-C 34313 08/17/2023 08/17/2023 Book    
          MRSPTU Central Library MRSPTU Central Library   650.00 KBD/2016-2017/959642808 5 537.6 PU-C 34314 04/07/2026 08/17/2023 Book 04/07/2026 04/28/2026

Website Designed and Developed by MRSPTU Central Library Team

E-mail Id: librarian@mrsptu.ac.in